Disrupting maize Food, biotechnology and nationalism in contemporary Mexico
Ebook from IG Library
Bewaard in:
| Hoofdauteur: | |
|---|---|
| Formaat: | Boek |
| Taal: | Undetermined |
| Gepubliceerd in: |
Rowman & Littlefield International
2016
|
| Onderwerpen: | |
| Online toegang: | http://lrc.tdmu.edu.vn/opac/search/detail.asp?aID=2&ID=39149 |
| Tags: |
Voeg label toe
Geen labels, Wees de eerste die dit record labelt!
|
| Thư viện lưu trữ: | Trung tâm Học liệu Trường Đại học Thủ Dầu Một |
|---|
| LEADER | 00733nam a2200193Ia 4500 | ||
|---|---|---|---|
| 001 | TDMU_39149 | ||
| 008 | 210410s9999 xx 000 0 und d | ||
| 082 | |a 421.5 | ||
| 100 | |a Gabriela, Méndez Cota | ||
| 245 | 0 | |a Disrupting maize | |
| 245 | 0 | |b Food, biotechnology and nationalism in contemporary Mexico | |
| 245 | 0 | |c Méndez Cota Gabriela | |
| 260 | |b Rowman & Littlefield International | ||
| 260 | |c 2016 | ||
| 300 | |a 219Pages | ||
| 520 | |a Ebook from IG Library | ||
| 650 | |a Disrupting maize |x Biotechnology |z Mexico ; Biến đổi ngô |x Công nghệ sinh học |x Mexico | ||
| 856 | |u http://lrc.tdmu.edu.vn/opac/search/detail.asp?aID=2&ID=39149 | ||
| 980 | |a Trung tâm Học liệu Trường Đại học Thủ Dầu Một | ||